000 01069nam0a22003011 4500
001 rc\2119462
005 20250623015952.0
035 _a(NLR Aleph) 006521769
090 _a6438051
_c6438051
100 _a20110826d1979 |||y0rusy50 ca
101 0 _arus
102 _aRU
105 _ay z |||||
200 1 _aРасчет процессов пластического формообразования по линиям тока
_eУчеб. пособие
210 _aРостов-на-Дону
_cРИСХМ
_d1979
215 _a81 с.
_d20
300 _aВ надзаг.: Рост. н/Д ин-т с.-х. машиностроения
320 _aБиблиогр.: с. 80 (15 назв.)
606 _aМеталлообработка давлением
_2psbo
686 _aК62-1я73-1
_2rubbk
700 1 _aАлюшин
_bЮ.А.
_f1938-
_gЮрий Алексеевич
801 0 _aRU
_bNLR
_gpsbo
801 1 _aRU
_bELAR
_2rusmarc
852 _aNLR
_j80-4/8553
899 _aRuMoRGB
_jB 79-57/288
899 _aRuMoRGB
_jB 79-57/289
942 _cBOOK
980 _aNB